000 00687nam a2200205 a 4500
005 20230419063708.0
008 041110s1995 es r 000 0 spa d
020 _a8441100004
035 _aUPN01000136297
049 _aCG
050 4 _aP53.28
_bE5.7
245 0 0 _aEnseñanza de lenguas y traducción con ordenadores /
_ccoord. Germán Ruipérez.
260 _aMadrid :
_bPedagógicas,
_c1995.
300 _a184 p. :
_bfigs.
440 0 _aBiblioteca esencial del profesor de lengua ;
_v5
650 4 _aLENGUAJE Y LENGUAS -
_xENSEÑANZA ASISTIDA POR COMPUTADORA
_916011
650 7 _aTraducción e interpretación
_2
_913974
700 1 _aRuipérez, Germán,
_ecoord.
905 _aLibro
999 _c108448
_d108448